• 首页
  • 本馆介绍
  • 公告通知
  • 最新文献
  • 馆藏检索
  • 电子资源
  • 读者导购
  • 参考咨询
  • 我的图书馆
  • 登录
  • 详细信息显示
  • 放入我的书架
  • 预约/预借图书
  • 作者相关作品
  • 分类相关作品
  • 丛书相关作品
  • 出版社相关作品

书目信息

  • 表格格式
  • 工作单格式
  • 卡片格式
题名:
现代管理学精要
    
 
作者: 许望武 , 杜贤中 编著
分册:  
出版信息: 北京   化学工业出版社  1993.12
页数: 118页
开本: 19cm
丛书名:
单 册:
中图分类: C931.2
科图分类:
主题词: 管理学
电子资源:
ISBN: 978-7-5025-1317-7
000 00740nam0 2200241 450
001 0100462703
005 20140519094508.0
010    @a978-7-5025-1317-7@dCNY4.50
100    @a20021005d1993 em y0chiy0110 ea
101 0  @achi
102    @aCN@b110000
105    @ay z 000yy
106    @ar
200 1  @a现代管理学精要@9Xian Dai Guan Li Xue Jing Yao @f许望武,杜贤中编著@b专著
210    @a北京@c化学工业出版社@d1993.12
215    @a118页@d19cm
330    @a介绍了管理原理、管理职能、管理方法及管理艺术与名言等。
606 0  @a管理学
690    @aC931.2@v3
701  0 @a许望武@f(1962~)@9xu wang wu@4编著
701  0 @a杜贤中@f(1940~)@9du xian zhong@4编著
801  0 @aCN@bAiZhiMarc@c19940715
905    @aBZT@dC931.2@e14@f3@sC931.2/14
    
    现代管理学精要/许望武,杜贤中编著.-北京:化学工业出版社,1993.12
    118页;19cm
    
    
    ISBN 978-7-5025-1317-7:CNY4.50
    介绍了管理原理、管理职能、管理方法及管理艺术与名言等。
●
相关链接 在五车中查询图书 在当当中查询图书 在豆瓣中查询图书


正题名:现代管理学精要     索取号:C931.2/14         预约/预借

序号 登录号 条形码 馆藏地/架位号 状态 备注
山东省滨州职业学院图书馆 欢迎您!
大连网信软件有限公司© 版权所有